01122nam a2200169Ia 4500001001900000003001000019008004100029040002500070041000700095100001900102245002600121250001100147260003400158300001200192500073300204650001500937b4546-29052 [5781]IT-MiCISF161014s9999||||xx |||||||||||||| ||und|| aIT-MiCISFcIT-MiCISF ait aGarota Daniele 0aCredere con un figlio a1a ed. a Casale M. (AL)bPiemmec1999 app. 124 a / educazione-religiosa, infanzia, padre / Come trasmettere la fede ai propri figli? E' ancora possibile quella catena generazionale a cui ci invita il Deuteronomio: "Queste cose le insegnerai anche ai tuoi figli e ai figli dei tuoi figli"? Questo libro presenta un dialogo aperto tra un padre e un figlio, che pone al genitore domande riguardo a Dio, l'uomo, la natura, le cose della vita. Le risposte sono date con un linguaggio semplice ma non infantile, e costituiscono - insieme all'ampia introduzione - non solo una risposta originale al problema dell'educazione alla fede dei figli, ma anche un'occasione per i genitori credenti di interrogarsi sulla propria esperienza di fede e riappropriarsi del gusto delle Scritture. aeducazione